Religion Quiz

Random Religion or Bible Quiz

James 1:22-25 Quiz Stats

Quiz not verified by Sporcle

Also try: Religion By Symbol
Challenge
Share
Tweet
Embed
Score 0/40 Timer 10:00
0 Plays Today
% Correct
Do not
91.4%
merely listen to
85.7%
the word,
85.7%
deceive
85.7%
yourselves.
85.7%
it says.
82.9%
Anyone who
80%
it says
80%
is like a man
80%
who looks
80%
and so
77.1%
listens to the
77.1%
word but
77.1%
do what
77.1%
Do what
74.3%
and, after looking
74.3%
does not
71.4%
in a mirror
71.4%
forgets what
71.4%
who looks
65.7%
% Correct
he looks like.
65.7%
the perfect law
65.7%
freedom,
65.7%
But the man
62.9%
intently into
62.9%
has heard,
62.9%
blessed
60%
he does.
60%
what he
57.1%
goes away and
54.3%
and continues
54.3%
he will be
54.3%
in what
54.3%
at his face
51.4%
that gives
48.6%
immediately
45.7%
to do this,
40%
at himself,
37.1%
not forgetting
34.3%
but doing it-
17.1%

You're not logged in!

Compare scores with friends on all Sporcle quizzes.
Join for Free
OR
Log In

You Might Also Like...

Show Comments

Extras

Created Jan 28, 2013ReportNominate
Tags:Bible Quiz

Top Quizzes Today


Score Distribution

Your Account Isn't Verified!

In order to create a playlist on Sporcle, you need to verify the email address you used during registration. Go to your Sporcle Settings to finish the process.

Report this User

Report this user for behavior that violates our Community Guidelines.

Details: